01559nam a2200361Ia 4500001001200000003000800012006001900020007001500039008004100054020001500095040002100110035002000131050002300151100002200174245024300196260009200439300002200531504005200553530003600605533015200641650002400793650003600817650003100853650004300884650001600927655002900943700002200972700002200994700002101016710001701037856012601054999001701180ebr10075665CaPaEBRm u cr cn|||||||||041018s2004 sz a sbs i000 0 eng d z9241562706 aCaPaEBRcCaPaEBR a(OCoLC)5770766614aRG530b.A26 2004eb1 aAbou Zahr, Carla.10aMaternal mortality in 2000h[electronic resource] :bestimates developed by WHO, UNICEF and UNFPA /c[prepared by Carla AbouZahr and Tessa Wardlaw on the basis of a technical paper originally developed by Kenneth Hill and Yoonjoung Choi]. aGeneva :bDept. of Reproductive Health and Research, World Health Organization,cc2004. avi, 30 p. :bill. aIncludes bibliographical references (p. 29-30). aAlso available on the Internet. aElectronic reproduction.bPalo Alto, Calif. :cebrary,d2009.nAvailable via World Wide Web.nAccess may be limited to ebrary affiliated libraries. 0aMothersxMortality. 0aMothersxMortalityvStatistics. 0aPregnant womenxMortality. 0aPregnant womenxMortalityvStatistics. 0aChildbirth. 7aElectronic books.2local1 aWardlaw, Tessa M.1 aHill, Ken,d1945-1 aChoi, Yoonjoung.2 aebrary, Inc.40uhttp://site.ebrary.com/lib/rucke/Doc?id=10075665zAn electronic book accessible through the World Wide Web; click to view c45700d45700